000 00486nam a22001817a 4500
005 20260507161752.0
008 160521b xxu||||| |||| 00| 0 eng d
020 _a978-0-07-060092-8
041 _aeng
082 _a658.4034
100 _aHILLIER, FREDERICK S, AND LIEBERMAN, GERALD J.
_98638
245 _a Introduction to Operations Research Concepts & Cases
250 _a8 th ed.
260 _aNew Delhi
_bTMH,
_c2008
300 _a1034,p
650 _aManagement
942 _cBK
999 _c1315
_d1315